| 000 | 01170nam a22002653i 4500 | ||
|---|---|---|---|
| 001 | 153228 | ||
| 003 | ES-MaACL | ||
| 005 | 20231030160452.0 | ||
| 008 | 140310s2012 sp |||| ||spa d | ||
| 020 | _a978-84-615-8990-6 | ||
| 080 | _a72 Martínez Gadea, Vicente (083.824) | ||
| 100 | 1 |
_aMartínez Gadea, Vicente. _9154503 |
|
| 245 | 1 | 0 |
_aVicente Martínez Gadea, arquitectura 1985/2011 / _c[textos = texts, Antonio García Herrero ... et al.]. |
| 260 |
_aMurcia : _bColegio Oficial de Arquitectos de Murcia : _bGodoy, _cD.L. 2012. |
||
| 300 |
_a[22], 415, [12] p. : _bprincipalmente il. col. y n., planos ; _c31 cm. |
||
| 500 | _aExposición celebrada en el Colegio Oficial de Arquitectos de Murcia. | ||
| 546 | _aTexto en español y traducción al inglés. | ||
| 600 | 1 | 4 |
_aMartínez Gadea, Vicente- _vExposiciones. _9154504 |
| 700 | 1 |
_aGarcía Herrero, Antonio. _9154505 |
|
| 710 | 2 |
_aColegio Oficial de Arquitectos de Murcia. _9154506 |
|
| 852 |
_aES-MaACL _jA-13042 _9158803 _bR.149861 _cDEPO1 _dOlim: N-6042 _hDonación: Antonio García Herrero |
||
| 903 |
_9154505 _aGarcía Herrero, Antonio _ednr |
||
| 942 |
_2udc _cMONOGRAFIA |
||
| 999 |
_c153228 _d153228 |
||